Sports Quiz

Random Sports or NHL Quiz
Score 0/25 Timer 05:00
6 Plays Today
% Correct
Hail Mary pass
92.4%
Designated hitter
87.6%
Fielder's choice
85.1%
Yellow card
84.1%
Triple-double
80.2%
Audible
78.7%
Tackle-eligible
78%
Granny shot
76.3%
Neutral zone trap
76%
Blown save
75.5%
Stoppage time
74.9%
Advance step
73.2%
Bunt
70.8%
% Correct
Double bonus
69.8%
Face-off
69.3%
Bubble screen
67.4%
Offside trap
64.9%
Sweeper
64%
Ballon d'Or
60.9%
Buttonhook
60.4%
One trillion
58%
Saucer pass
56.5%
Penalty kill
54.6%
Odd man rush
53.1%
Golden sombrero
52%
Remove Ads.
Support Sporcle.
Get the best of Sporcle when you Go Orange. This ad-free experience offers more features, more stats, and more fun while also helping to support Sporcle. Thank you for becoming a member.

You're not logged in!

Compare scores with friends on all Sporcle quizzes.
OR
Log In

Sporcle TV

Today on Sporcle TV


Watch our educational content, quiz creation guides, and fun videos on Sporcle TV.

Show Comments

Extras

Top Quizzes Today


Score Distribution

Paid Content

Your Account Isn't Verified!

In order to create a playlist on Sporcle, you need to verify the email address you used during registration. Go to your Sporcle Settings to finish the process.

Report this User

Report this user for behavior that violates our Community Guidelines.

Details: